| 000 -LEADER | |
|---|---|
| fixed length control field | 00438nam a22001457a 4500 |
| 020 ## - INTERNATIONAL STANDARD BOOK NUMBER | |
| ISBN | 9780073381466 |
| 050 ## - LIBRARY OF CONGRESS CALL NUMBER | |
| Classification number | HF 5549 iva |
| 100 ## - MAIN ENTRY--AUTHOR NAME | |
| Personal name | IVANCEVICH, John M. |
| 245 ## - TITLE STATEMENT | |
| Title | Human resource management |
| 250 ## - EDITION STATEMENT | |
| Edition statement | 11th |
| 260 ## - PUBLICATION, DISTRIBUTION, ETC. (IMPRINT) | |
| Place of publication | Boston |
| Name of publisher | McGraw-Hill / Irwin |
| Year of publication | 2010 |
| 300 ## - PHYSICAL DESCRIPTION | |
| Number of Pages | xviii, 636p., illus, includes bibliographical references and index |
| 650 ## - SUBJECT ADDED ENTRY--TOPICAL TERM | |
| Topical Term | 1. Personnel management 2. Pernnel management-case studies |
| 942 ## - ADDED ENTRY ELEMENTS (KOHA) | |
| Koha item type | Books |
| Koha item type | Shelving location | Accession Number | Permanent Location | Current Location | Date acquired | Full call number |
|---|---|---|---|---|---|---|
| Books | Lending | 3975 c1 | Chapman Library | Chapman Library | 2017-02-15 | HF 5549 iva |
| Books | Lending | 3976 c2 | Chapman Library | Chapman Library | 2017-02-15 | HF 5549 iva |
| Books | Lending | 3977 c3 | Chapman Library | Chapman Library | 2017-02-15 | HF 5549 iva |
| Books | Lending | 3978 c4 | Chapman Library | Chapman Library | 2017-02-15 | HF 5549 iva |
| Books | Reference | 3979 c5 | Chapman Library | Chapman Library | 2017-02-15 | HF 5549 iva |
| Books | Reference | 3980 c6 | Chapman Library | Chapman Library | 2017-02-15 | HF 5549 iva |

